Giáo trình đánh giá tác động môi trường
Shranjeno v:
| Glavni avtor: | |
|---|---|
| Format: | Knjiga |
| Izdano: |
1999
|
| Teme: | |
| Oznake: |
Označite
Brez oznak, prvi označite!
|
| Thư viện lưu trữ: | Trung tâm Học liệu Lê Vũ Hùng, Trường Đại học Đồng Tháp |
|---|
| LEADER | 00753pam a22002538a 4500 | ||
|---|---|---|---|
| 001 | 00038199 | ||
| 005 | 20171026081025.0 | ||
| 008 | 170515s1999 ||||||Viesd | ||
| 041 | 0 | # | |a Vie |
| 082 | 1 | 4 | |a 363.7 |b GI108TR |
| 100 | 1 | # | |a Hoàng, Hư |
| 245 | 1 | 0 | |a Giáo trình đánh giá tác động môi trường |c Hoàng Hư |
| 260 | |c 1999 | ||
| 300 | # | # | |a 117 tr. |c 29 cm |
| 653 | # | # | |a Giáo trình |
| 653 | # | # | |a Môi trường |
| 653 | # | # | |a Ô nhiễm |
| 653 | # | # | |a Tác động |
| 852 | # | # | |b Kho mượn |j KGT.0052753 |
| 852 | # | # | |b Kho đọc |j KD.0021051 |
| 852 | # | # | |j KGT.0052753 |j KD.0021051 |
| 910 | |d 15/05/2017 | ||
| 980 | # | # | |a Trung tâm Học liệu Lê Vũ Hùng, Trường Đại học Đồng Tháp |